Úloha zostrihu pre-mRNA pri udržiavaní stability genómu bakalárska práca

Saved in:
Bibliographic Details
Main Author: Piták, Timotej
Format: Book
Language:Slovak
Published: Bratislava STU FCHPT 2018
Online Access:View in OPAC
Tags: Add Tag
No Tags, Be the first to tag this record!

MARC

LEADER 00000nam a2200000 a 4500
005 20260127134002.0
008 180903 2018 xo a 001 0 slo d
035 |a vtls011776672 
039 9 |y 201809031408  |z mschk03 
040 |a STUSCHK1  |b slo  |c STUSCHK1  |e AACR2 
100 1 |a Piták, Timotej 
245 1 |a Úloha zostrihu pre-mRNA pri udržiavaní stability genómu  |b bakalárska práca  |c Timotej Piták 
260 |a Bratislava  |b STU FCHPT  |c 2018 
300 |a 45 s.  |b il.  |c 25 cm 
500 |a Študijný program: biotechnológia a potravinárska technológia 
500 |a Študijný odbor: biotechnológie 
500 |a Školiace pracovisko: Ústav biochémie a mikrobiológie 
500 |a Evid. číslo: FCHPT-13567-81569 
910 |a SCHK95 
999 |c 1521  |d 1521